00717nam a2200205 i 4500003000900000005001700009007000300026008004100029040003000070082001800100100003900118245008300157250002200240264006900262300002900331336002700360337003300387338002800420500006300448DO-SdBNP20250221094542.0ta250221b2012 dr ||||| |||| 00| 0 spa d aDO-SdBNPbspacBNPHUerda 4axxxbZ39b222 aZazo, Óscar,d1960-eautor4aut.10aBuenaventura :bpaseo por la memoria de un guerrillero español /cOscar Zazo asegunda edición 1aSantiago, República Dominicana :bEdiciones Sociedarte,c2012. a249 páginas ;c21 cm. atextobtxt2rdacontent asin mediaciónbn2rdamedia avolumenbnc2rdacarrier aIncluye datos biográficos del autor en la contracubierta